[Event "Berisso Manrique op 6th"]
[Site "Berisso"]
[Date "2019.08.18"]
[Round "5.2"]
[White "Quispe, Angelo"]
[Black "D Ascanio, Florencia"]
[Result "1/2-1/2"]
[WhiteElo "1817"]
[BlackElo "1741"]
[PlyCount "90"]
[EventDate "2019.08.15"]
[EventType "swiss"]
[EventRounds "6"]
[EventCountry "ARG"]
[SourceTitle "EXT 2024"]
[Source "ChessBase"]
[SourceDate "2023.10.10"]
[SourceVersion "1"]
[SourceVersionDate "2023.10.10"]
[SourceQuality "1"]

1. e4 c5 2. Nf3 d6 3. Bb5+ Bd7 4. Bxd7+ Qxd7 5. 0-0 g6 6. d4 cxd4 7. Nxd4 Bg7 8. c4 Nc6 9. Be3 Nf6 10. f3 0-0 11. Nc3 Rac8 12. b3 a6 13. Rc1 Qd8 14. Qd2 Qa5 15. Rfd1 Rfe8 16. Qf2 Nxd4 17. Bxd4 Rc6 18. Nd5 Nxd5 19. Bxg7 Kxg7 20. cxd5 Rcc8 21. Qd4+ Kg8 22. a4 Qd8 23. f4 Qd7 24. h3 Rc7 25. e5 Rec8 26. Rxc7 Rxc7 27. Re1 dxe5 28. fxe5 Qc8 29. Kh2 Rd7 30. Re3 Qd8 31. Rd3 f6 32. exf6 exf6 33. d6 Kg7 34. b4 Qe8 35. Re3 Qd8 36. Rd3 Qe8 37. Re3 Rxd6 38. Rxe8 Rxd4 39. Re7+ Kh6 40. Rxb7 a5 41. bxa5 Rxa4 42. Rb6 Rxa5 43. Rxf6 Ra3 44. h4 Kg7 45. Rd6 Rb3 1/2-1/2

[Event "Berisso Manrique op 6th"]
[Site "Berisso"]
[Date "2019.08.17"]
[Round "3.3"]
[White "Quispe, Angelo"]
[Black "Veliz, Ariel"]
[Result "1-0"]
[WhiteElo "1817"]
[BlackElo "2102"]
[PlyCount "59"]
[EventDate "2019.08.15"]
[EventType "swiss"]
[EventRounds "6"]
[EventCountry "ARG"]
[SourceTitle "EXT 2024"]
[Source "ChessBase"]
[SourceDate "2023.10.10"]
[SourceVersion "1"]
[SourceVersionDate "2023.10.10"]
[SourceQuality "1"]

1. e4 e6 2. d4 d5 3. Nc3 dxe4 4. Nxe4 Bd7 5. Nf3 Bc6 6. Bd3 Nd7 7. 0-0 Ngf6 8. Ng3 g6 9. b3 Bg7 10. Ba3 Bf8 11. Bb2 Bg7 12. c4 0-0 13. Qe2 Re8 14. a3 a5 15. Rfe1 Bf8 16. Rad1 Bxf3 17. Qxf3 Bg7 18. Bc2 c6 19. Re2 Qc7 20. Rde1 b5 21. Bb1 bxc4 22. bxc4 Nb6 23. Ba2 Rad8 24. d5 Qe7 25. dxe6 fxe6 26. Qxc6 Nbd7 27. Rxe6 Qc5 28. Rxe8+ Nxe8 29. Qe6+ Kh8 30. Qxd7 1-0

[Event "La Plata Spring op"]
[Site "La Plata"]
[Date "2018.09.11"]
[Round "1.4"]
[White "Quispe, Angelo"]
[Black "Enciso, Franco"]
[Result "1-0"]
[WhiteElo "1815"]
[BlackElo "1588"]
[PlyCount "67"]
[EventDate "2018.09.11"]
[EventType "swiss"]
[EventRounds "7"]
[EventCountry "ARG"]
[SourceTitle "EXT 2024"]
[Source "ChessBase"]
[SourceDate "2023.10.10"]
[SourceVersion "1"]
[SourceVersionDate "2023.10.10"]
[SourceQuality "1"]

1. e4 e5 2. Nf3 d5 3. exd5 e4 4. Qe2 Nf6 5. Nc3 Be7 6. Nxe4 0-0 7. d3 Nxd5 8. Bd2 c5 9. 0-0-0 Nc6 10. Nc3 Bf6 11. Ne4 Bg4 12. Nxf6+ Qxf6 13. Qe4 Be6 14. Ng5 Qf5 15. Nxe6 fxe6 16. g3 Qxe4 17. dxe4 Ndb4 18. a3 Na6 19. Be3 Nd4 20. f4 Nc7 21. Bxd4 cxd4 22. Rxd4 Rad8 23. Rxd8 Rxd8 24. e5 Nd5 25. Bg2 b6 26. Rd1 Kf7 27. Bxd5 exd5 28. f5 g5 29. g4 b5 30. b3 a5 31. Rd4 Ke7 32. Kd2 Rd7 33. c4 bxc4 34. bxc4 1-0

[Event "La Plata op Blitz"]
[Site "La Plata"]
[Date "2018.07.09"]
[Round "6.10"]
[White "Farchich, Diego Francisco"]
[Black "Quispe, Angelo"]
[Result "1-0"]
[WhiteElo "1571"]
[BlackElo "1834"]
[PlyCount "87"]
[EventDate "2018.07.09"]
[EventType "swiss (rapid)"]
[EventRounds "7"]
[EventCountry "ARG"]
[SourceTitle "EXT 2024"]
[Source "ChessBase"]
[SourceDate "2023.10.10"]
[SourceVersion "1"]
[SourceVersionDate "2023.10.10"]
[SourceQuality "1"]

1. c4 e6 2. Nc3 Nf6 3. g3 Nc6 4. Bg2 b6 5. Nf3 Bb7 6. 0-0 Be7 7. d4 0-0 8. e4 d6 9. Qe2 e5 10. dxe5 dxe5 11. Rd1 Qc8 12. Nd5 Nxd5 13. exd5 Nb4 14. Nxe5 Bd6 15. Nd3 Re8 16. Qd2 a5 17. a3 Na6 18. b4 axb4 19. axb4 Qg4 20. Bb2 Re2 21. Qc3 Rae8 22. Bf3 Qg5 23. Bxe2 Rxe2 24. Re1 Rxe1+ 25. Rxe1 f6 26. b5 Nc5 27. Nxc5 Bxc5 28. Re8+ Kf7 29. Rb8 Qf5 30. Qe1 Bc8 31. Bc1 Bd6 32. Be3 Bd7 33. Ra8 h5 34. Qc1 Qf3 35. Qf1 h4 36. Rh8 h3 37. Rxh3 Bxh3 38. Qxh3 Qe4 39. Qd7+ Kg6 40. h4 Bxg3 41. h5+ Kxh5 42. Qh3+ Qh4 43. Qf5+ g5 44. Qf3+ 1-0

[Event "Platense-ch"]
[Site "La Plata"]
[Date "2018.01.09"]
[Round "5"]
[White "Albistur, Damian"]
[Black "Quispe, Angelo"]
[Result "1-0"]
[WhiteElo "2131"]
[BlackElo "1820"]
[PlyCount "68"]
[EventDate "2018.01.03"]
[EventType "swiss"]
[EventRounds "9"]
[EventCountry "ARG"]
[SourceTitle "EXT 2019"]
[Source "ChessBase"]
[SourceDate "2018.10.10"]
[SourceVersion "1"]
[SourceVersionDate "2018.10.10"]
[SourceQuality "1"]

1. e4 c5 2. Nf3 d6 3. d4 cxd4 4. Nxd4 Nf6 5. Nc3 g6 6. Be2 Bg7 7. 0-0 0-0 8. Bg5 Nc6 9. Nb3 Be6 10. Kh1 Rc8 11. f4 Na5 12. e5 Ne8 13. Nxa5 Qxa5 14. Bxe7 dxe5 15. Bxf8 Bxf8 16. fxe5 Qxe5 17. Bf3 Nd6 18. Qe1 Qc5 19. Rd1 Qb4 20. Bd5 Bf5 21. Bb3 Re8 22. Qg3 Be6 23. Bxe6 Rxe6 24. Nd5 Qxb2 25. c3 Ne4 26. Qf3 f5 27. g4 Bd6 28. Nf4 g5 29. Ng2 f4 30. Rxd6 Nxd6 31. Qd5 Kf7 32. Re1 Ne4 33. Rxe4 Qb6 34. Qf5+ Ke7 1-0

[Event "Platense-ch"]
[Site "La Plata"]
[Date "2018.01.04"]
[Round "2"]
[White "Quispe, Angelo"]
[Black "Miranda, Rafael"]
[Result "1/2-1/2"]
[WhiteElo "1820"]
[BlackElo "2216"]
[PlyCount "120"]
[EventDate "2018.01.03"]
[EventType "swiss"]
[EventRounds "9"]
[EventCountry "ARG"]
[SourceTitle "EXT 2019"]
[Source "ChessBase"]
[SourceDate "2018.10.10"]
[SourceVersion "1"]
[SourceVersionDate "2018.10.10"]
[SourceQuality "1"]

1. d4 Nf6 2. c4 e6 3. Nf3 c5 4. d5 exd5 5. cxd5 d6 6. g3 g6 7. Bg2 Bg7 8. 0-0 0-0 9. Nc3 Re8 10. Re1 a6 11. a4 Nbd7 12. h3 Rb8 13. Bf4 Qc7 14. a5 b5 15. axb6 Rxb6 16. Qc2 Nh5 17. Bd2 Qb8 18. Ra2 Ne5 19. Na4 Rb3 20. Nxe5 Bxe5 21. Bc3 Nf6 22. Bxe5 Rxe5 23. Nc3 Re7 24. Qd2 Kg7 25. e4 Reb7 26. Re2 R7b4 27. f4 Nd7 28. h4 Nb6 29. f5 f6 30. fxg6 hxg6 31. Rf2 Qc7 32. h5 Qe7 33. Qf4 gxh5 34. Qh4 Qe5 35. Bh3 Qg5 36. Bxc8 Qxh4 37. gxh4 Nxc8 38. Rxa6 Rxb2 39. Rc6 Rxf2 40. Kxf2 Ne7 41. Rxd6 Rc4 42. Rd7 Kf8 43. Rd8+ Kf7 44. Nb5 Rc2+ 45. Kg3 Ng6 46. Rd7+ Kf8 47. Nd6 Ne5 48. Rc7 Rc3+ 49. Kg2 c4 50. Nf5 Rd3 51. d6 c3 52. Rc8+ Kf7 53. Rc7+ Ke8 54. Rc8+ Kd7 55. Rc7+ Kd8 56. Ng7 Rd2+ 57. Kg3 Rd3+ 58. Kg2 Rxd6 59. Rxc3 Rd2+ 60. Kg3 Re2 1/2-1/2